[Event "61. BEM 2007"]
[Site "Dortmund"]
[Date "2007.03.05"]
[Round "4.24"]
[White "Schaefer, Ulrich"]
[Black "Gennat, Egon L"]
[Result "1-0"]
[WhiteElo "1347"]
[BlackElo "1518"]
[PlyCount "45"]
[EventDate "2007.??.??"]
[Source "SG Dortmund"]
[SourceDate "2004.12.16"]

1. e4 e6 2. d4 d5 3. Nc3 Bb4 4. e5 c5 5. Qg4 Ne7 6. a3 Bxc3+ 7. bxc3 Qc7 8.
Bb5+ Bd7 9. Bxd7+ Nxd7 10. Ne2 Nf5 11. O-O h5 12. Qf3 cxd4 13. Nxd4 Nxe5 14.
Qf4 Qxc3 15. Nxf5 Qxa1 16. Nd6+ Ke7 17. Qb4 Nc6 18. Nf5+ Ke8 19. Qxb7 Rb8 20.
Qxc6+ Kd8 21. Qd6+ Kc8 22. Qc6+ Kd8 23. Bg5+ 1-0

[Event "61. BEM 2007"]
[Site "Dortmund"]
[Date "2007.03.05"]
[Round "4.25"]
[White "Gegner, Michael"]
[Black "Bötzel, Sascha"]
[Result "1-0"]
[WhiteElo "1517"]
[BlackElo "1333"]
[PlyCount "39"]
[EventDate "2007.??.??"]
[Source "SG Dortmund"]
[SourceDate "2004.12.16"]

1. d4 Nf6 2. Nc3 g6 3. e4 d6 4. f4 Bg7 5. Nf3 Bg4 6. h3 Bxf3 7. Qxf3 O-O 8. e5
dxe5 9. fxe5 Qxd4 10. exf6 Bxf6 11. Bd2 Nc6 12. O-O-O Qb6 13. Bh6 Rfd8 14.
Rxd8+ Rxd8 15. Bc4 Ne5 16. Qe2 Nxc4 17. Qxc4 g5 18. Qg4 Qe3+ 19. Kb1 Bxc3 20.
Bxg5 1-0

[Event "61. BEM 2007"]
[Site "Dortmund"]
[Date "2007.03.05"]
[Round "4.26"]
[White "Ackerhans, Gerd"]
[Black "Pachura, Karl-Heinz"]
[Result "1-0"]
[WhiteElo "1476"]
[BlackElo "1332"]
[PlyCount "75"]
[EventDate "2007.??.??"]
[Source "SG Dortmund"]
[SourceDate "2004.12.16"]

1. c4 Nf6 2. d4 e6 3. Nc3 c6 4. Nf3 d6 5. g3 Bd7 6. Bg2 Be7 7. O-O O-O 8. b4 a6
9. a3 Qc7 10. Qc2 Re8 11. Bb2 Bf8 12. e4 e5 13. dxe5 dxe5 14. c5 Bg4 15. Rfe1
Bxf3 16. Bxf3 Nbd7 17. Rad1 g6 18. Rd3 h5 19. h4 Bg7 20. Bc1 Nf8 21. Red1 Ne6
22. Be3 Ng4 23. Bxg4 hxg4 24. Rd7 Qc8 25. Na4 Qb8 26. Qb3 Bf6 27. Nb6 Ra7 28.
R7d6 Kg7 29. Nd7 Qc8 30. Qb2 Qd8 31. Nxe5 Qe7 32. Rd7 Qf8 33. Bh6+ Kxh6 34.
Nxg4+ Kh5 35. Nxf6+ Kh6 36. Nxe8 Qxe8 37. Qf6 Ng7 38. Rd8 1-0

[Event "61. BEM 2007"]
[Site "Dortmund"]
[Date "2007.03.05"]
[Round "4.27"]
[White "Dirks, Rainer"]
[Black "Zabel, Reinhard"]
[Result "1/2-1/2"]
[WhiteElo "979"]
[BlackElo "1427"]
[PlyCount "149"]
[EventDate "2007.??.??"]
[Source "SG Dortmund"]
[SourceDate "2004.12.16"]

1. e4 e5 2. Nf3 Nf6 3. d3 Nc6 4. Nc3 Bc5 5. Na4 Be7 6. d4 exd4 7. e5 Bb4+ 8.
Bd2 Qe7 9. Qe2 Ng4 10. c3 dxc3 11. Nxc3 Ngxe5 12. O-O-O d6 13. Nd5 Bxd2+ 14.
Rxd2 Qd7 15. Nxe5 Nxe5 16. Rc2 c6 17. f4 cxd5 18. fxe5 O-O 19. exd6 Re8 20. Qf2
Qxd6 21. Bb5 Bd7 22. Bd3 a6 23. Rf1 Re7 24. Qh4 g6 25. Rf3 Rae8 26. Rf1 Re3 27.
Rc3 Qe7 28. Qxe7 R8xe7 29. Kd2 Bc6 30. Rf2 Kg7 31. g4 Kh6 32. h4 R3e5 33. Rf6
Kg7 34. g5 R5e6 35. Rf2 b5 36. Be2 Bb7 37. h5 Re5 38. Rg3 b4 39. h6+ Kf8 40.
Rgf3 Rxg5 41. Kd3 Rge5 42. Rf6 R5e6 43. R6f4 a5 44. Bg4 Ba6+ 45. Kd4 Re4+ 46.
Kxd5 Rxf4 47. Rxf4 f5 48. Bh3 Rd7+ 49. Kc6 Rd2 50. b3 Rxa2 51. Rd4 Rc2+ 52. Kb6
Be2 53. Bg2 Bg4 54. Bc6 Rh2 55. Rd8+ Ke7 56. Rd7+ Kf6 57. Rxh7 Kg5 58. Kxa5
Rxh6 59. Rxh6 Kxh6 60. Kxb4 Kg7 61. Bd7 Kf6 62. Kc3 Ke7 63. Bc8 Kd6 64. Kd4 Bf3
65. Ke3 Bd5 66. b4 Be6 67. Bb7 Kc7 68. Bg2 g5 69. Kd4 g4 70. Ke5 Bc8 71. Kf4
Kd6 72. Kg5 Be6 73. b5 Kc5 74. Bf1 Bd7 75. Kf4 1/2-1/2

[Event "61. BEM 2007"]
[Site "Dortmund"]
[Date "2007.03.05"]
[Round "4.28"]
[White "Milonas, Georgios"]
[Black "Strotmann, Dieter"]
[Result "0-1"]
[WhiteElo "1398"]
[BlackElo "1320"]
[PlyCount "104"]
[EventDate "2007.??.??"]
[Source "SG Dortmund"]
[SourceDate "2004.12.16"]

1. e4 e6 2. d4 d5 3. exd5 exd5 4. Bd3 Nf6 5. Bg5 Be7 6. h3 O-O 7. Nf3 Nbd7 8.
O-O h6 9. Bf4 Re8 10. Nc3 c6 11. Ne5 Nxe5 12. dxe5 Nd7 13. Qd2 Bg5 14. Bxg5
Qxg5 15. f4 Qd8 16. Rae1 Nc5 17. b4 Nxd3 18. cxd3 Qb6+ 19. Kh1 Qxb4 20. Rb1 Qe7
21. d4 Bf5 22. Rb2 Rab8 23. Qe2 Qe6 24. g4 Bh7 25. f5 Qe7 26. f6 gxf6 27. Rxf6
Qxf6 28. exf6 Rxe2 29. Nxe2 Re8 30. Ng3 b6 31. Rb3 Re6 32. Ra3 a5 33. Rb3 b5
34. a4 b4 35. Nh5 Bg6 36. Nf4 Rxf6 37. Nxg6 fxg6 38. Kg2 Rf4 39. Rd3 g5 40. Kg3
Kg7 41. h4 Kf6 42. h5 Rf1 43. Kg2 Rc1 44. Rf3+ Kg7 45. Re3 Rc2+ 46. Kg1 Rc4 47.
Re7+ Kf6 48. Rh7 b3 49. Rxh6+ Kg7 50. Rd6 Rc1+ 51. Kg2 b2 52. Rd7+ Kf8 0-1

[Event "61. BEM 2007"]
[Site "Dortmund"]
[Date "2007.03.05"]
[Round "4.29"]
[White "Rutmann, Ulrich"]
[Black "Krüger, Inge"]
[Result "0-1"]
[WhiteElo "1367"]
[BlackElo "1253"]
[PlyCount "69"]
[EventDate "2007.??.??"]
[Source "SG Dortmund"]
[SourceDate "2004.12.16"]

1. e4 e6 2. d4 d5 3. e5 c5 4. c3 cxd4 5. cxd4 Ne7 6. Bg5 h6 7. Bh4 Qb6 8. b3
Nf5 9. Nf3 Nxh4 10. Nxh4 Be7 11. Nf3 O-O 12. Be2 Nc6 13. O-O Bd7 14. Nc3 Qd8
15. Bd3 Nb4 16. Ne2 Nxd3 17. Qxd3 a6 18. Qe3 Rc8 19. Rfc1 Qa5 20. a4 Rxc1+ 21.
Rxc1 b5 22. axb5 Bxb5 23. Nf4 Rb8 24. h3 Qd8 25. Nh2 Be8 26. Ng4 Bg5 27. Rc3
Qa5 28. Kh2 Bxf4+ 29. Qxf4 Qxc3 30. Nf6+ Kf8 31. Nh7+ Ke7 32. Qh4+ Kd7 33. Nf8+
Kc6 34. Qe7 Qb4 35. Qa7 0-1

[Event "61. BEM 2007"]
[Site "Dortmund"]
[Date "2007.03.05"]
[Round "4.31"]
[White "Wodzinski, Kristin"]
[Black "Schoppe, Hans-Werner"]
[Result "1-0"]
[WhiteElo "1057"]
[BlackElo "1178"]
[PlyCount "79"]
[EventDate "2007.??.??"]
[Source "SG Dortmund"]
[SourceDate "2004.12.16"]

1. d4 d5 2. c4 e6 3. Nc3 Nf6 4. Bg5 Be7 5. e3 h6 6. Bh4 Nbd7 7. cxd5 Nxd5 8.
Bxe7 Nxe7 9. Nf3 a6 10. a4 b6 11. Bd3 Bb7 12. O-O c5 13. Be4 Nd5 14. Qd3 O-O
15. Nd2 Qc7 16. f4 cxd4 17. Nxd5 exd5 18. Bh7+ Kh8 19. exd4 a5 20. Rac1 Qd6 21.
Bf5 Nb8 22. g3 Nc6 23. Bh3 Ba6 24. Qf5 Nxd4 25. Qg4 Ne2+ 26. Kh1 Nxc1 27. Rxc1
Bb7 28. Bg2 f5 29. Qh5 Kh7 30. Qh4 Rac8 31. Re1 Rf6 32. Nf3 Kg8 33. Ne5 Rc2 34.
Qh5 Rc7 35. g4 fxg4 36. Nxg4 Kh7 37. Nxf6+ Qxf6 38. f5 d4 39. Bxb7 Rxb7 40. Re6
{und Schwarz ueberschritt die Zeit ...} 1-0

[Event "61. BEM 2007"]
[Site "Dortmund"]
[Date "2007.03.05"]
[Round "4.32"]
[White "Jentzsch, Werner Wilfried"]
[Black "Müller, Michaela"]
[Result "0-1"]
[WhiteElo "1423"]
[BlackElo "1005"]
[PlyCount "100"]
[EventDate "2007.??.??"]
[Source "SG Dortmund"]
[SourceDate "2004.12.16"]

1. d4 e6 2. e4 d5 3. Nc3 c5 4. dxc5 Bxc5 5. exd5 exd5 6. Nxd5 Be6 7. Bb5+ Nd7
8. c4 Ngf6 9. Bg5 O-O 10. Nf3 a6 11. Ba4 Re8 12. O-O Be7 13. Bc2 Nb6 14. Nxe7+
Qxe7 15. Qd3 g6 16. Qc3 Nbd7 17. Rad1 Kg7 18. Ba4 Rad8 19. Ne5 h6 20. Nxd7 hxg5
21. Nxf6 Rh8 22. Rxd8 Qxd8 23. Rd1 Qxf6 24. Bd7 Qxc3 25. bxc3 Bxc4 26. g3 Bxa2
27. h4 gxh4 28. gxh4 Rxh4 29. Kg2 Be6 30. Bxe6 fxe6 31. Kg3 Rc4 32. Rd3 b5 33.
f4 a5 34. Rd7+ Kf6 35. Kf3 Rxc3+ 36. Ke4 b4 37. Kd4 a4 38. Ra7 a3 39. Rb7 a2
40. Ra7 Rc2 41. Kd3 b3 42. Ra8 Rc1 43. Rf8+ Ke7 44. Ra8 a1=Q 45. Rxa1 Rxa1 46.
Kc3 Rf1 47. Kxb3 Rxf4 48. Kc3 g5 49. Kd3 g4 50. Ke3 Rf8 0-1

[Event "61. BEM 2007"]
[Site "Dortmund"]
[Date "2007.03.05"]
[Round "4.33"]
[White "Hast, Stefan"]
[Black "Rabe, Mark"]
[Result "1-0"]
[WhiteElo "1161"]
[BlackElo "1004"]
[PlyCount "91"]
[EventDate "2007.??.??"]
[Source "SG Dortmund"]
[SourceDate "2004.12.16"]

1. e4 c5 2. Bc4 e6 3. Nf3 Nf6 4. a3 Nc6 5. d3 Be7 6. Bf4 O-O 7. Nc3 Nd4 8. Nxd4
cxd4 9. Ne2 Bc5 10. b4 Bb6 11. Be5 a5 12. Nxd4 Bxd4 13. Bxd4 d5 14. exd5 exd5
15. Bb5 Bg4 16. Bxf6 Qxf6 17. f3 Qe5+ 18. Kd2 Rfc8 19. fxg4 Qc3+ 20. Ke2 axb4
21. Qd2 Rxa3 22. Qxc3 Rcxc3 23. Kd2 Rxa1 24. Rxa1 g6 25. Rb1 Rc7 26. Rxb4 Kg7
27. g5 Rc5 28. d4 Rc7 29. Kd3 h6 30. gxh6+ Kxh6 31. c4 f5 32. cxd5 Kg5 33. Rc4
Rh7 34. h3 Kf4 35. d6 Kg3 36. Rc7 Rh8 37. d7 Kxg2 38. Kc4 f4 39. Rc8 f3 40.
Rxh8 f2 41. Rf8 g5 42. Kd5 Kxh3 43. Rxf2 g4 44. d8=Q g3 45. Qd7+ Kh4 46. Rf4+
1-0

[Event "61. BEM 2007"]
[Site "Dortmund"]
[Date "2007.03.06"]
[Round "5.1"]
[White "Kartsev, Soel"]
[Black "Fiebig, Thomas"]
[Result "0-1"]
[WhiteElo "2180"]
[BlackElo "2331"]
[PlyCount "50"]
[EventDate "2007.??.??"]
[Source "SG Dortmund"]
[SourceDate "2004.12.16"]

1. d4 d5 2. c4 e6 3. Nc3 Be7 4. Nf3 Nf6 5. Bg5 Nbd7 6. e3 O-O 7. cxd5 exd5 8.
Bd3 h6 9. h4 c5 10. Qc2 a6 11. g4 cxd4 12. Nxd4 Nc5 13. O-O-O Nxd3+ 14. Qxd3
Nxg4 15. Bxe7 Qxe7 16. Qe2 Nf6 17. Rhg1 Kh8 18. Qf3 Be6 19. Kb1 Rac8 20. Rg3
Rg8 21. Nf5 Bxf5+ 22. Qxf5 Rxc3 23. bxc3 Ne4 24. Rxd5 Nxc3+ 25. Ka1 Qa3 0-1

[Event "61. BEM 2007"]
[Site "Dortmund"]
[Date "2007.03.06"]
[Round "5.2"]
[White "Schütte, Tobias"]
[Black "Tkachuk, Sergiy"]
[Result "1-0"]
[WhiteElo "1886"]
[BlackElo "2106"]
[PlyCount "111"]
[EventDate "2007.??.??"]
[Source "SG Dortmund"]
[SourceDate "2004.12.16"]

1. d4 Nf6 2. f4 d5 3. Nf3 Bf5 4. e3 e6 5. Be2 c5 6. c3 Nc6 7. O-O g6 8. Ne5 h5
9. Nd2 Ne4 10. Nxe4 Bxe4 11. Bd3 Bxd3 12. Qxd3 c4 13. Qc2 Rg8 14. Bd2 f5 15. b3
Nxe5 16. fxe5 Rc8 17. Rfb1 b6 18. a4 Rg7 19. a5 bxa5 20. bxc4 Rxc4 21. Qb3 Rgc7
22. Rxa5 Kf7 23. Rba1 h4 24. Rxa7 h3 25. Qb6 Qe7 26. R1a6 hxg2 27. Qb8 g5 28.
Kxg2 g4 29. Kg3 Kg6 30. Rxc7 Rxc7 31. Rxe6+ Qxe6 32. Qxc7 Be7 33. Qb8 Kg7 34.
Qb7 Kg6 35. Bc1 Kh5 36. Qa8 Bh4+ 37. Kg2 Kg6 38. Qf8 Be1 39. Bb2 Kh5 40. Qh8+
Kg6 41. Kf1 Qb6 42. Qe8+ Kh7 43. Qe7+ Kg8 44. Qg5+ Kh8 45. Qxf5 Qxb2 46. Qh5+
Kg7 47. Qxg4+ Kh7 48. Kxe1 Qxc3+ 49. Kf2 Qd2+ 50. Qe2 Qc1 51. e6 Kg7 52. Qf3
Qd2+ 53. Kg3 Qe1+ 54. Kh3 Qb4 55. Qf7+ Kh6 56. e7 1-0

[Event "61. BEM 2007"]
[Site "Dortmund"]
[Date "2007.03.06"]
[Round "5.3"]
[White "Watzlawek, Markus"]
[Black "Gorzinski, Dariusz"]
[Result "1-0"]
[WhiteElo "1967"]
[BlackElo "1855"]
[PlyCount "55"]
[EventDate "2007.??.??"]
[Source "SG Dortmund"]
[SourceDate "2004.12.16"]

1. d4 f5 2. g3 g6 3. Bg2 Nf6 4. c4 Bg7 5. Nc3 d6 6. d5 O-O 7. Nh3 a5 8. O-O Na6
9. Qc2 Nc5 10. b3 e5 11. dxe6 Nxe6 12. Bb2 Ng4 13. e3 g5 14. Rfe1 Qe8 15. f3
Nxe3 16. Rxe3 Bd4 17. Nd5 Bxe3+ 18. Nxe3 Nf4 19. gxf4 Qxe3+ 20. Qf2 Qxf2+ 21.
Kxf2 gxf4 22. Nxf4 a4 23. b4 a3 24. Bc3 Ra4 25. Bf1 c6 26. Bd3 Kf7 27. Rd1 Be6
28. Rg1 1-0

[Event "61. BEM 2007"]
[Site "Dortmund"]
[Date "2007.03.06"]
[Round "5.4"]
[White "Begna, Bozidar"]
[Black "Kartsev, Alexandr"]
[Result "1/2-1/2"]
[WhiteElo "1953"]
[BlackElo "1835"]
[PlyCount "122"]
[EventDate "2007.??.??"]
[Source "SG Dortmund"]
[SourceDate "2004.12.16"]

1. e4 d5 2. exd5 Nf6 3. d4 Nxd5 4. c4 Nb6 5. Nf3 g6 6. Nc3 Bg7 7. Be3 O-O 8.
Be2 Nc6 9. Qd2 Bg4 10. Rd1 Bxf3 11. gxf3 e5 12. d5 Nd4 13. Bxd4 exd4 14. Nb5
Re8 15. Kf1 Qd7 16. h4 c6 17. Nxd4 cxd5 18. c5 Nc4 19. Qc2 Rac8 20. Bxc4 dxc4
21. c6 bxc6 22. Nb5 Qf5 23. Qxf5 gxf5 24. Nd6 Rcd8 25. Kg2 Re2 26. Nxc4 Rxd1
27. Rxd1 Bxb2 28. Kf1 Rc2 29. Nxb2 Rxb2 30. Rc1 Rxa2 31. Rxc6 Kg7 32. h5 h6 33.
Kg2 Re2 34. Rc7 a6 35. Ra7 Re6 36. Kg3 Rb6 37. f4 Rb3+ 38. Kg2 Ra3 39. Rc7 a5
40. Rc5 a4 41. Rxf5 Ra1 42. Ra5 a3 43. Ra6 a2 44. Kh2 f5 45. Kg2 Kf7 46. Kh2
Ke7 47. Kg2 Kd7 48. Kh2 Kc7 49. Kg2 Kb7 50. Ra3 Kb6 51. Ra8 Kc5 52. Ra7 Kd4 53.
Kf3 Kd3 54. Rd7+ Kc2 55. Ra7 Kd2 56. Kg2 Ke2 57. Ra8 Kd3 58. Ra4 Kc3 59. Ra8
Kb3 60. Rb8+ Ka3 61. Ra8+ Kb2 1/2-1/2

[Event "61. BEM 2007"]
[Site "Dortmund"]
[Date "2007.03.06"]
[Round "5.5"]
[White "Ziperstein, Jakob"]
[Black "Starp, Klaus"]
[Result "1/2-1/2"]
[WhiteElo "1858"]
[BlackElo "1936"]
[Annotator "P. Schulenburg"]
[PlyCount "158"]
[EventDate "2007.??.??"]
[Source "SG Dortmund"]
[SourceDate "2004.12.16"]

1. e4 c5 2. Nc3 d6 3. Nf3 Nf6 4. Bb5+ Bd7 5. Bxd7+ Qxd7 6. O-O Nc6 7. d4 cxd4
8. Nxd4 g6 9. h3 Bg7 10. Be3 O-O 11. f4 Nxd4 12. Bxd4 b5 13. e5 dxe5 14. Bxe5
Qc6 15. a3 Rad8 16. Qe2 a6 17. Rad1 Qb6+ 18. Kh2 Rxd1 19. Rxd1 Rd8 20. Bxf6
Rxd1 21. Nxd1 Bxf6 22. c3 a5 23. Nf2 b4 24. axb4 axb4 25. Ne4 bxc3 26. bxc3 Kf8
27. g3 h5 28. h4 Qc7 29. Nxf6 exf6 {Dieser Schlagfall wird bis zum Ende der
Partie die letzte unumkehrbare Veraenderung der Stellung bleiben ...} 30. Qd2
Kg7 31. Kg2 Qc6+ 32. Kf2 Qh1 33. Qe1 Qd5 34. Qe2 Qc5+ 35. Qe3 Qd5 36. Ke2 Qg2+
37. Kd1 Qd5+ 38. Kc2 Qa2+ 39. Kd1 Qb1+ 40. Ke2 Qc2+ 41. Kf1 Qd1+ 42. Kg2 Qc2+
43. Kg1 Qd1+ 44. Kf2 Qc2+ 45. Ke1 Qb1+ 46. Ke2 Qa2+ 47. Kd1 Qb1+ 48. Ke2 Qc2+
49. Qd2 Qe4+ 50. Kf2 Qh1 51. Qe1 Qh2+ 52. Ke3 Qh3 53. Kd3 Qd7+ 54. Ke3 Qe6+ 55.
Kf2 Qa2+ 56. Kg1 Qc2 57. Qe3 Qd1+ 58. Kf2 Qc2+ 59. Kf3 Qd1+ 60. Qe2 Qd5+ 61.
Kf2 Qc5+ 62. Qe3 Qc4 63. Qd4 Qa2+ 64. Kf3 Qb3 65. Ke3 Qe6+ 66. Kf2 Qa2+ 67. Kg1
Qb1+ 68. Kg2 Qc2+ 69. Kf3 Qb3 70. Qe3 Qd1+ 71. Kg2 Qc2+ 72. Kh1 Qd1+ 73. Kg2
Qc2+ 74. Kf3 Qd1+ 75. Qe2 Qd5+ 76. Kf2 Qc5+ 77. Qe3 Qc4 78. Qd2 Qe4 79. Qe2 {
und Schwarz erklaerte, den Zug} 79... Qh1 {ausfuehren zu wollen, verbunden mit
einer Remis-Reklamation gemaess der sog. 50-Zuege-Regel. Dem Antrag wurde
stattgegeben.} 1/2-1/2

[Event "61. BEM 2007"]
[Site "Dortmund"]
[Date "2007.03.06"]
[Round "5.6"]
[White "Woestmann, Ulrich"]
[Black "Kropp, Andreas"]
[Result "1-0"]
[WhiteElo "1927"]
[BlackElo "1821"]
[PlyCount "45"]
[EventDate "2007.??.??"]
[Source "SG Dortmund"]
[SourceDate "2004.12.16"]

1. e4 c5 2. c3 d5 3. exd5 Qxd5 4. d4 e6 5. Nf3 Nc6 6. Be3 cxd4 7. cxd4 g6 8.
Nc3 Qd6 9. Nb5 Qb8 10. g3 Bb4+ 11. Nc3 Nf6 12. a3 Bd6 13. Bg2 a6 14. O-O Bd7
15. Bg5 Be7 16. d5 Nxd5 17. Nxd5 exd5 18. Re1 Qd6 19. Bf4 Qc5 20. Rc1 Qb5 21.
Nd4 Qxb2 22. Nxc6 bxc6 23. Be5 1-0

[Event "61. BEM 2007"]
[Site "Dortmund"]
[Date "2007.03.06"]
[Round "5.7"]
[White "Ziemek, Gerhard"]
[Black "Zeldin, Vitali"]
[Result "0-1"]
[WhiteElo "1690"]
[BlackElo "1927"]
[PlyCount "42"]
[EventDate "2007.??.??"]
[Source "SG Dortmund"]
[SourceDate "2004.12.16"]

1. d4 Nf6 2. c4 e6 3. Nc3 Bb4 4. Bg5 c5 5. e3 Qa5 6. Bxf6 Bxc3+ 7. bxc3 Qxc3+
8. Ke2 gxf6 9. Rc1 Qa5 10. Rc2 Nc6 11. Nf3 b6 12. Qb1 Ba6 13. Kd1 Rg8 14. g3
Bb7 15. d5 Nb4 16. Rd2 O-O-O 17. e4 d6 18. Bh3 f5 19. exf5 exd5 20. f6+ Kb8 21.
cxd5 Nxd5 0-1

[Event "61. BEM 2007"]
[Site "Dortmund"]
[Date "2007.03.06"]
[Round "5.8"]
[White "Krause, Dieter"]
[Black "Schröder, Thomas"]
[Result "1-0"]
[WhiteElo "1824"]
[BlackElo "1581"]
[PlyCount "45"]
[EventDate "2007.??.??"]
[Source "SG Dortmund"]
[SourceDate "2004.12.16"]

1. Nf3 b6 2. d4 Bb7 3. Bf4 e6 4. e3 f5 5. c4 Nf6 6. Nc3 Bb4 7. Qc2 d6 8. Be2
Nbd7 9. O-O Bxc3 10. Qxc3 Ne4 11. Qc2 Qe7 12. h3 g5 13. Bh2 O-O-O 14. b4 Kb8
15. c5 dxc5 16. bxc5 bxc5 17. Rfb1 Ka8 18. a4 g4 19. Nd2 Ndf6 20. Rxb7 Kxb7 21.
Rb1+ Ka8 22. Bb5 a6 23. Bc6+ 1-0

[Event "61. BEM 2007"]
[Site "Dortmund"]
[Date "2007.03.06"]
[Round "5.9"]
[White "Tkachuk, Konstantyn"]
[Black "Volmer, Martin"]
[Result "1-0"]
[WhiteElo "2090"]
[BlackElo "1657"]
[PlyCount "59"]
[EventDate "2007.??.??"]
[Source "SG Dortmund"]
[SourceDate "2004.12.16"]

1. e4 c5 2. Nf3 d6 3. d4 cxd4 4. Nxd4 Nf6 5. Nc3 a6 6. Bc4 e6 7. Bb3 Be7 8. Be3
Nc6 9. f3 Qc7 10. Qd2 Bd7 11. g4 h6 12. O-O-O Ne5 13. h4 O-O-O 14. g5 hxg5 15.
hxg5 Nh5 16. Qf2 Nc4 17. Bxc4 Qxc4 18. Nb3 Kb8 19. f4 f6 20. Na5 Qc8 21. g6 f5
22. exf5 Nf6 23. Rhe1 Ng4 24. Ba7+ Ka8 25. Qg1 Bh4 26. fxe6 Bxe6 27. Na4 Bxe1
28. Nb6+ Kxa7 29. Nxc8+ Kb8 30. Qa7+ 1-0

[Event "61. BEM 2007"]
[Site "Dortmund"]
[Date "2007.03.06"]
[Round "5.10"]
[White "Zelt, Jens"]
[Black "Duschek, Günter"]
[Result "1-0"]
[WhiteElo "2063"]
[BlackElo "1633"]
[PlyCount "67"]
[EventDate "2007.??.??"]
[Source "SG Dortmund"]
[SourceDate "2004.12.16"]

1. d4 Nf6 2. Nf3 d5 3. c3 c6 4. Bf4 Bf5 5. Nbd2 e6 6. Qb3 Qb6 7. h3 Ne4 8. e3
Nxd2 9. Nxd2 Nd7 10. Be2 Be7 11. O-O h6 12. c4 g5 13. Bh2 h5 14. c5 Qxb3 15.
axb3 f6 16. b4 g4 17. h4 Bg6 18. b5 Kf7 19. bxc6 bxc6 20. Ba6 e5 21. Bb7 Rab8
22. Bxc6 Rxb2 23. Bxd5+ Kg7 24. Nc4 Rb4 25. Rxa7 Bf7 26. Rxd7 Bxd5 27. Rxe7+
Kf8 28. Nb6 Rxb6 29. Rd7 Bc6 30. Rd8+ Kg7 31. Rxh8 Rb2 32. Rd8 exd4 33. exd4 g3
34. Bxg3 1-0

[Event "61. BEM 2007"]
[Site "Dortmund"]
[Date "2007.03.06"]
[Round "5.11"]
[White "Büchle, Manfred"]
[Black "Bollmann, Marcel"]
[Result "1-0"]
[WhiteElo "1851"]
[BlackElo "1280"]
[PlyCount "59"]
[EventDate "2007.??.??"]
[Source "SG Dortmund"]
[SourceDate "2004.12.16"]

1. e4 e5 2. d4 exd4 3. Bc4 Nc6 4. Nf3 Nf6 5. O-O d6 6. Nxd4 Be7 7. Nxc6 bxc6 8.
Nc3 O-O 9. h3 Be6 10. Bd3 Rb8 11. f4 Re8 12. Qf3 Bf8 13. f5 Bc8 14. Bg5 h6 15.
Bh4 Qe7 16. Rae1 Rxb2 17. e5 dxe5 18. Ne4 Bd7 19. Re3 Nxe4 20. Bxe7 Nd2 21. Qg4
Bxe7 22. Rg3 Bc5+ 23. Kh1 Bf8 24. Rd1 e4 25. Rxd2 exd3 26. Rgxd3 Re1+ 27. Kh2
Bd6+ 28. Rxd6 cxd6 29. Rxd6 Re7 30. Rxd7 1-0

[Event "61. BEM 2007"]
[Site "Dortmund"]
[Date "2007.03.06"]
[Round "5.12"]
[White "Gitschel, Ralf"]
[Black "Reinacher, Detlev"]
[Result "1-0"]
[WhiteElo "1831"]
[BlackElo "1480"]
[PlyCount "49"]
[EventDate "2007.??.??"]
[Source "SG Dortmund"]
[SourceDate "2004.12.16"]

1. e4 d6 2. d4 g6 3. Bd3 Bg7 4. Ne2 c6 5. O-O Nd7 6. c3 Qc7 7. Be3 Ngf6 8. h3
e5 9. Nd2 b6 10. f4 exf4 11. Bxf4 O-O 12. Qe1 Nh5 13. Bh2 b5 14. a4 Qb8 15.
axb5 cxb5 16. Ra5 a6 17. Qa1 Bb7 18. Qa3 Qc8 19. Bxd6 Re8 20. c4 bxc4 21. Bxc4
Ndf6 22. e5 Qc6 23. Rf2 Bh6 24. Rc5 Qb6 25. Nf1 1-0

[Event "61. BEM 2007"]
[Site "Dortmund"]
[Date "2007.03.06"]
[Round "5.13"]
[White "Rossa, Daniel"]
[Black "Grube, Jörg"]
[Result "1-0"]
[WhiteElo "1543"]
[BlackElo "1829"]
[PlyCount "68"]
[EventDate "2007.??.??"]
[Source "SG Dortmund"]
[SourceDate "2004.12.16"]

1. e4 c5 2. Nf3 d6 3. d4 cxd4 4. Nxd4 Nf6 5. Nc3 g6 6. Be3 Bg7 7. f3 Nc6 8. Qd2
O-O 9. Bc4 Bd7 10. O-O-O Rc8 11. Bb3 Ne5 12. h4 Nc4 13. Bxc4 Rxc4 14. g4 h5 15.
g5 Ne8 16. Kb1 Kh7 17. Nde2 a5 18. Bd4 b5 19. Bxg7 Nxg7 20. Nd5 Bc6 21. c3 Bxd5
22. Qxd5 Qb6 23. Nf4 Qe3 24. Qxb5 Rc5 25. Nd5 Qxf3 26. Qd3 Qg2 27. Nxe7 Rb8 28.
Qc2 Qxc2+ 29. Kxc2 Ne8 30. Nd5 Rbc8 31. Rhf1 Kg7 32. Rf4 Rb8 33. Rdf1 Rb7 34.
b3 Nc7 1-0

[Event "61. BEM 2007"]
[Site "Dortmund"]
[Date "2007.03.06"]
[Round "5.14"]
[White "Watzlawek, Volker"]
[Black "Borjini, Mohamed"]
[Result "0-1"]
[WhiteElo "1636"]
[BlackElo "1965"]
[PlyCount "54"]
[EventDate "2007.??.??"]
[Source "SG Dortmund"]
[SourceDate "2004.12.16"]

1. Nf3 Nf6 2. g3 g6 3. Bg2 Bg7 4. O-O O-O 5. d3 d5 6. Nbd2 c5 7. e4 Nc6 8. c3
e5 9. exd5 Nxd5 10. Nb3 b6 11. Re1 f5 12. Bg5 Qd6 13. d4 cxd4 14. cxd4 e4 15.
Ne5 Nxe5 16. dxe5 Qxe5 17. f3 f4 18. gxf4 Nxf4 19. Bxf4 Rxf4 20. fxe4 Be6 21.
Rb1 Raf8 22. Nc1 Rh4 23. h3 Qg3 24. Rf1 Qe3+ 25. Kh1 Rxh3+ 26. Bxh3 Qxh3+ 27.
Kg1 Bd4+ 0-1

[Event "61. BEM 2007"]
[Site "Dortmund"]
[Date "2007.03.06"]
[Round "5.15"]
[White "Reusche, Horst"]
[Black "Gegner, Michael"]
[Result "1/2-1/2"]
[WhiteElo "1900"]
[BlackElo "1517"]
[PlyCount "58"]
[EventDate "2007.??.??"]
[Source "SG Dortmund"]
[SourceDate "2004.12.16"]

1. e4 e5 2. Nc3 d6 3. g3 f5 4. d3 Nf6 5. Bg2 c6 6. f4 Be7 7. Nf3 fxe4 8. dxe4
exf4 9. Bxf4 Bg4 10. Qd2 O-O 11. O-O-O Nh5 12. Rhf1 Nxf4 13. gxf4 Nd7 14. Kb1
Nb6 15. Rde1 Nc4 16. Qd3 b5 17. Nd4 Qb6 18. e5 Rac8 19. Nxc6 Rxc6 20. Qd5+ Kh8
21. Qxc6 Qxc6 22. Bxc6 Nd2+ 23. Ka1 Nxf1 24. exd6 Bxd6 25. Nxb5 Rxf4 26. Nxd6
Ne3 27. Ba4 g5 28. b4 Rf1 29. Rxf1 Nxf1 1/2-1/2

[Event "61. BEM 2007"]
[Site "Dortmund"]
[Date "2007.03.06"]
[Round "5.16"]
[White "Stiebel, Erhard"]
[Black "Hardt, Helmut"]
[Result "1-0"]
[WhiteElo "1384"]
[BlackElo "1793"]
[PlyCount "106"]
[EventDate "2007.??.??"]
[Source "SG Dortmund"]
[SourceDate "2004.12.16"]

1. d4 Nf6 2. Nf3 g6 3. e3 Bg7 4. Bc4 O-O 5. O-O d5 6. Bd3 Bg4 7. Nbd2 c5 8. c3
Nc6 9. a3 e5 10. dxe5 Nxe5 11. Be2 Nxf3+ 12. Nxf3 Ne4 13. Ne1 Bxe2 14. Qxe2 Re8
15. Nc2 Qh4 16. Rb1 Re5 17. f4 Rh5 18. g4 Rh6 19. Qg2 Rd8 20. Ne1 d4 21. g5 Rh5
22. Nf3 Qh3 23. cxd4 cxd4 24. Qxh3 Rxh3 25. exd4 Bxd4+ 26. Kg2 Rh5 27. Nxd4
Rxd4 28. Be3 Rd3 29. Rbe1 h6 30. gxh6 Kh7 31. Re2 Nf6 32. Bxa7 Rdh3 33. Bg1 Ng4
34. Rf3 R3h4 35. h3 Nxh6 36. Bf2 Nf5 37. Re4 Rh6 38. Rd3 R4h5 39. Bc5 g5 40.
Bf8 Rg6 41. fxg5 Rhxg5+ 42. Rg4 Rxg4+ 43. hxg4 Rxg4+ 44. Kf3 Rg8 45. Bb4 Kg6
46. Bc3 f6 47. Rd7 Rb8 48. a4 b5 49. a5 b4 50. Bd2 Ng7 51. a6 Rb6 52. a7 Ra6
53. Be3 Ne6 1-0

[Event "61. BEM 2007"]
[Site "Dortmund"]
[Date "2007.03.06"]
[Round "5.17"]
[White "Strotmann, Dieter"]
[Black "Werner, Patrick"]
[Result "0-1"]
[WhiteElo "1320"]
[BlackElo "1783"]
[PlyCount "52"]
[EventDate "2007.??.??"]
[Source "SG Dortmund"]
[SourceDate "2004.12.16"]

1. Nf3 Nf6 2. d4 g6 3. c4 Bg7 4. Nc3 O-O 5. e4 d6 6. Be2 e5 7. d5 a5 8. O-O Na6
9. Be3 Ng4 10. Qd2 Nxe3 11. Qxe3 f5 12. Qd2 Nc5 13. Qc2 g5 14. Ne1 f4 15. Qd1
Rf6 16. h3 c6 17. Nf3 Rh6 18. Nh2 Nd7 19. Bg4 Nf6 20. Re1 Rh4 21. f3 Nxg4 22.
fxg4 h5 23. Nf3 Qb6+ 24. Kf1 Bxg4 25. hxg4 Rh1+ 26. Ke2 Qe3# 0-1